How many Marvel mutants can you name? - Statistics

General Stats
  • This quiz has been taken 336 times
    327 since last reset
  • The average score is 48 of 159
Answer Stats
Answer % Correct
M
95%
Wolverine
95%
Prof. X
93%
Cyclops
92%
Magneto
92%
Storm
90%
Beast
88%
Ice Man
86%
Mystique
83%
Colossus
81%
Angel
80%
Gambit
80%
Nightcrawler
80%
Rogue
79%
Deadpool
76%
Phoenix
76%
White Queen
74%
Psylocke
69%
Cable
68%
Quicksilver
67%
Jubilee
66%
Magik
66%
Pyro
66%
Bishop
64%
Apocalypse
63%
Sabretooth
63%
Shadowcat
63%
Scarlet Witch
62%
Sunspot
61%
Toad
61%
X-23
61%
Banshee
60%
Polaris
57%
Blob
53%
Cannonball
51%
Domino
49%
Forge
47%
Wolfsbane
46%
Darwin
44%
Dazzler
43%
Mr. Sinister
42%
Sebastian Shaw
42%
Legion
41%
Warpath
41%
Blink
40%
Havoc
39%
Morph
38%
Azazel
37%
Namor
37%
Multiple Man
36%
Sunfire
34%
Avalanche
33%
Magma
33%
Thunderbird
32%
X-Man
32%
Armor
31%
Lady Deathstrike
31%
Marvel Girl
31%
Longshot
29%
Pixie
29%
Boom Boom
28%
Callisto
28%
Leech
28%
Moonstar
28%
Ms. Marvel
28%
Vulcan
28%
Cypher
26%
Daken
26%
Destiny
26%
Firestar
26%
Omega Red
26%
Warlock
26%
Karma
25%
Shatterstar
25%
Dust
24%
Siryn
24%
Cassandra Nova
23%
Franklin Richards
23%
Marrow
23%
Mimic
23%
Strong Guy
23%
Northstar
22%
Elixir
20%
Mastermind
20%
Chamber
19%
Fantomex
19%
Dagger
18%
Husk
18%
Rockslide
18%
Anole
17%
Aurora
17%
Cloak
17%
Maggot
17%
Stryfe
16%
Surge
16%
Xorn
16%
Mercury
14%
Proteus
14%
Black Tom Cassidy
13%
Danger
13%
Goblin Queen
13%
Hellion
13%
Sage
13%
Stepford Cuckoos
13%
Exodus
12%
Frenzy
12%
Moira MacTaggert
12%
Selene
12%
Changeling
11%
Honey Badger
11%
Sauron
11%
Synch
11%
Blindfold
10%
Doctor Nemesis
10%
Lifeguard
10%
Nocturne
10%
Omega Sentinel
10%
Rachel Grey
10%
Shadow King
10%
Skin
10%
Sway
10%
Gentle
9%
Joseph
9%
Meggan
9%
Arclight
8%
Hepzibah
8%
Ink
8%
Lady Mastermind
8%
Maverick
8%
Petra
8%
Quentin Quire
8%
Wild Child
8%
Lila Cheney
7%
Slipstream
7%
Stacy X
7%
Wraith
7%
Abyss
6%
Madrox
6%
Flatman
5%
Ariel
4%
Gateway
4%
Mikhail Rasputin
4%
Revanche
4%
Dr. Cecilia Reyes
3%
Jimmy Hudson
3%
Spider-Woman
3%
Box
2%
Hollow
2%
Layla Miller
2%
Phantazia
2%
Romulus
2%
Arcadia
1%
Astra
1%
Diamond Lil
1%
Nekra
1%
Pulse
1%
Energizer
0%
Korvus
0%
Red Lotus
0%
No matching quizzes found
Score Distribution
Percent of People with Each Score
Percentile by Number Answered
Your Score History
You have not taken this quiz since the last reset